[Event "St Ingbert op"]
[Site "St Ingbert"]
[Date "1988.??.??"]
[Round "6"]
[White "Hornung, Peter"]
[Black "Rambaud, Pascal"]
[Result "0-1"]
[WhiteElo "1664"]
[BlackElo "1160"]
[PlyCount "64"]
[EventDate "1988.08.20"]
[EventType "swiss"]
[EventRounds "9"]
[EventCountry "GER"]
[SourceTitle "EXT 2002"]
[Source "ChessBase"]
[SourceDate "2001.11.25"]
[SourceVersion "1"]
[SourceVersionDate "2001.11.25"]
[SourceQuality "1"]

1. e4 e6 2. d4 d5 3. Nd2 c5 4. dxc5 Bxc5 5. Nb3 Bb6 6. e5 Nc6 7. Nf3 Nge7 8. Bg5 Qc7 9. Bb5 Bd7 10. Bxc6 Bxc6 11. 0-0 h6 12. Bh4 Nf5 13. Re1 d4 14. Bg3 Rd8 15. a4 a6 16. Bf4 Ne7 17. Qd3 Ng6 18. Bg3 Bxf3 19. gxf3 Rd7 20. Nd2 0-0 21. Nc4 Rc8 22. f4 Qxc4 23. Qe4 Rdc7 24. f5 Nf8 25. f6 Ng6 26. h4 Qxc2 27. Qg2 Qf5 28. fxg7 Kxg7 29. Re4 Rc1+ 30. Rxc1 Rxc1+ 31. Kh2 d3 32. Bf4 Rc2 0-1

[Event "St Ingbert op"]
[Site "St Ingbert"]
[Date "1988.??.??"]
[Round "9"]
[White "Klotz, Elmar"]
[Black "Rambaud, Pascal"]
[Result "1-0"]
[WhiteElo "1640"]
[BlackElo "1160"]
[PlyCount "131"]
[EventDate "1988.08.20"]
[EventType "swiss"]
[EventRounds "9"]
[EventCountry "GER"]
[SourceTitle "EXT 2002"]
[Source "ChessBase"]
[SourceDate "2001.11.25"]
[SourceVersion "1"]
[SourceVersionDate "2001.11.25"]
[SourceQuality "1"]

1. d4 e6 2. c4 d6 3. Nf3 Nf6 4. Nc3 g6 5. e4 Bg7 6. Bd3 0-0 7. h3 Nbd7 8. Be3 b6 9. Qd2 Bb7 10. 0-0-0 Re8 11. Bh6 Bh8 12. g4 Nf8 13. Qe3 e5 14. d5 Rb8 15. Rdg1 c6 16. h4 cxd5 17. cxd5 Rc8 18. Kb1 Qd7 19. Bb5 Rxc3 20. Bxd7 Rxe3 21. Bxe3 N8xd7 22. Nd2 Nc5 23. f3 Nfd7 24. Nc4 Ra8 25. b4 Na6 26. Nxd6 Rb8 27. Nxb7 Rxb7 28. a3 Bf6 29. Rc1 Be7 30. Rc8+ Kg7 31. Kb2 Rc7 32. Rxc7 Nxc7 33. Rc1 Bd6 34. Rc6 Ne8 35. g5 Kf8 36. Kb3 Ke7 37. Ka4 Nc7 38. Rc1 Ke8 39. Rh1 Ke7 40. h5 Ke8 41. hxg6 hxg6 42. Rf1 Ke7 43. Kb3 a6 44. a4 Ke8 45. Rc1 Ke7 46. Rc6 b5 47. Bc5 Bxc5 48. bxc5 bxa4+ 49. Kxa4 Ne8 50. Rc8 Kf8 51. Ka5 Ke7 52. d6+ Kf8 53. c6 Kg7 54. cxd7 Nxd6 55. d8Q Nb7+ 56. Kxa6 Nxd8 57. Rxd8 f6 58. Rd7+ Kf8 59. gxf6 g5 60. Kb6 g4 61. fxg4 Ke8 62. Kc6 Kf8 63. Kd6 Kg8 64. Ke6 Kh8 65. g5 Kg8 66. g6 1-0

[Event "St Ingbert op"]
[Site "St Ingbert"]
[Date "1988.??.??"]
[Round "5"]
[White "Rambaud, Pascal"]
[Black "Michels, Franz Josef"]
[Result "1/2-1/2"]
[WhiteElo "1160"]
[BlackElo "1640"]
[PlyCount "74"]
[EventDate "1988.08.20"]
[EventType "swiss"]
[EventRounds "9"]
[EventCountry "GER"]
[SourceTitle "EXT 2002"]
[Source "ChessBase"]
[SourceDate "2001.11.25"]
[SourceVersion "1"]
[SourceVersionDate "2001.11.25"]
[SourceQuality "1"]

1. e4 e5 2. Nf3 Nc6 3. Bc4 Nf6 4. d3 h6 5. Nc3 Bc5 6. 0-0 d6 7. h3 a6 8. a3 b5 9. Ba2 Bb7 10. b4 Ba7 11. Bb2 Qd7 12. Ne2 Nh5 13. d4 exd4 14. Nexd4 0-0-0 15. Nxc6 Bxc6 16. Bd5 Nf6 17. Bxc6 Qxc6 18. Bxf6 gxf6 19. Qd5 Qxd5 20. exd5 Rde8 21. Rfe1 Kd7 22. Kf1 Bb6 23. Rxe8 Rxe8 24. Re1 Rxe1+ 25. Kxe1 c5 26. c3 a5 27. Ke2 Ke7 28. Ne1 f5 29. f4 axb4 30. axb4 cxb4 31. cxb4 Bd4 32. Nc2 Bb2 33. Kf3 h5 34. Ke2 h4 35. Kf3 Kd7 36. Ke2 Bf6 37. Kf3 Bc3 1/2-1/2